Teoria politica (Registro nro. 1851)

Detalles MARC
000 -CABECERA
campo de control de longitud fija 00680nam a2200277Ia 4500
001 - NÚMERO DE CONTROL
campo de control 1851
003 - IDENTIFICADOR DEL NÚMERO DE CONTROL
campo de control 3672
005 - FECHA Y HORA DE LA ÚLTIMA TRANSACCIÓN
campo de control 20250218092731.0
008 - DATOS DE LONGITUD FIJA--INFORMACIÓN GENERAL
campo de control de longitud fija ||||||n9999 ||| || ||
041 ## - CÓDIGO DE LENGUA
Código de lengua del texto/banda sonora o título independiente spa
082 ## - NÚMERO DE LA CLASIFICACIÓN DECIMAL DEWEY
Número de edición 19
Número de clasificación 320
100 ## - ENTRADA PRINCIPAL--NOMBRE DE PERSONA
Nombre de persona Brecht, Arnold
9 (RLIN) 3645
245 #0 - MENCIÓN DE TÍTULO
Título Teoria politica
Resto del título los fundamentos del pensamiento politico del siglo XX
260 ## - PUBLICACIÓN, DISTRIBUCIÓN, ETC.
Lugar de publicación, distribución, etc. Buenos Aires :
Nombre del editor, distribuidor, etc. Depalma,
Fecha de publicación, distribución, etc. 1963.
300 ## - DESCRIPCIÓN FÍSICA
Extensión 621p
562 ## - NOTA DE IDENTIFICACIÓN DE LA COPIA Y VERSIÓN
Número de copias 5
526 ## - NOTA DE INFORMACIÓN SOBRE EL PROGRAMA DE ESTUDIO
Nombre del programa 4969 - ESPECIALIZACIÓN EN ADMINISTRACIÓN PÚBLICA CONTEMPORÁNEA - Presencial
526 ## - NOTA DE INFORMACIÓN SOBRE EL PROGRAMA DE ESTUDIO
Nombre del programa 19790 - MAESTRÍA EN ADMINISTRACIÓN PÚBLICA - Presencial
526 ## - NOTA DE INFORMACIÓN SOBRE EL PROGRAMA DE ESTUDIO
Nombre del programa 104436 - MAESTRÍA EN ADMINISTRACIÓN PÚBLICA - A distancia
526 ## - NOTA DE INFORMACIÓN SOBRE EL PROGRAMA DE ESTUDIO
Nombre del programa 51868 - ADMINISTRACIÓN PÚBLICA - Presencial
526 ## - NOTA DE INFORMACIÓN SOBRE EL PROGRAMA DE ESTUDIO
Nombre del programa 1697 - ADMINISTRACIÓN PÚBLICA TERRITORIAL - A distancia
650 #0 - PUNTO DE ACCESO ADICIONAL DE MATERIA--TÉRMINO DE MATERIA
Término de materia o nombre geográfico como elemento de entrada Ciencias políticas
9 (RLIN) 939
650 ## - PUNTO DE ACCESO ADICIONAL DE MATERIA--TÉRMINO DE MATERIA
Término de materia o nombre geográfico como elemento de entrada PENSAMIENTO POLÍTICO
9 (RLIN) 496
650 #0 - PUNTO DE ACCESO ADICIONAL DE MATERIA--TÉRMINO DE MATERIA
Término de materia o nombre geográfico como elemento de entrada Teoría política
9 (RLIN) 1669
942 ## - ELEMENTOS DE PUNTO DE ACCESO ADICIONAL (KOHA)
Tipo de ítem Koha Libro
Existencias
Estado de retiro Estado de pérdida Estado dañado No para préstamo Código de colección Localización permanente Ubicación/localización actual Fecha de adquisición Coste, precio normal de compra Signatura topográfica completa Código de barras Número de copia Tipo de ítem Koha Total de préstamos Fecha visto por última vez
        General Bogotá - Sede Central Bogotá - Sede Central 01/02/2024 80.00 320.01 B73te e1 9748 1 Libro    
        General Bogotá - Sede Central Bogotá - Sede Central   195.00 320.01 B73te e2 9749 2 Libro   22/02/2026
        General Bogotá - Sede Central Bogotá - Sede Central 01/02/2024 80.00 320.01 B75te e3 9750 3 Libro    
        General Bogotá - Sede Central Bogotá - Sede Central 01/02/2024 80.00 320.01 B75te e4 9751 4 Libro    
        General Bogotá - Sede Central Bogotá - Sede Central 01/02/2024 80.00 320.01 B75t e6 9753 5 Libro